Difficult Lobotomy Corporation Trivia - Statistics

General Stats
  • This quiz has been taken 32 times
  • The average score is 14 of 21
Answer Stats
Hint Answer % Correct
The central command team quest, proving your competence 3, requires you to finish the day before reaching which qliphoth meltdown level? (Answer format is level __) Level 7
96%
Each apocalypse bird egg absorb (2.0 multiplier) one type of damage, which damage type is not absorbed by any egg? White
96%
(True / False) CENSORED deals fast ticks of extremely high white damage (17 - 28) to any employees under level 4 that are in the same room as it (causes almost instant panic). False
92%
Which damage type is characterised as “soul” damage? Pale
92%
E.G.O suit: magic bullet, extracted from der freischutz, has a black damage resistance multiplier of: 0.7
88%
The keybind to quick select the SP healing managerial bullet is this key: 2
88%
The welfare team research project, refine HP, SP bullets, (does / does not) increases the healing of the bullets as listed. Does not
88%
If your employee uses the flavour text line, “I wonder what this chip in our armbands is for?” Which of the four stats (fortitude, prudence, temperance, and justice) do they have the most of? Prudence
83%
The escape information for the abnormality, nothing there, costs ___ unique PE boxes. 30
79%
Which WAW class abnormality requires the manager to have it in view when any work is being performed on it, or else the qliphoth counter drops? Burrowing Heaven
79%
When duelling the snow queen, a higher level of ___ means a higher chance to win. Fortitude
79%
Melting love's E.G.O suit has a passive ability that gives the wearer a ___ shield after having taken a certain amount of damage. Red
75%
This abnormality work type is associated with contact and responses to physical stressors. instinct
71%
This ordeal manifests in the main rooms of departments, dealing large black damage Violet noon
71%
The rabbit team combatants use guns and which weapon? Knife
54%
This HE level E.G.O weapon deals pale damage Life for a daredevil
50%
This abnormality blesses an employee, increasing their red, white, and black resistances in return for making them more vulnerable to pale damage. Knight of despair
46%
The TETH level abnormality, the lady facing the wall’s E.G.O gear are called: Screaming wedge
33%
In the details tab of punishing bird’s ego weapon, beak, it is mentioned that the bullets fired from the weapon have a trait that makes them hurt more than usual, what is this? (One word answer) Spikes
21%
A bug can make your employees become trapped in an <uncontrollable> state after being struck by a projectile from this abnormality, resulting in their death at the end of the day. (Name the abnormality that fires the projectiles) Void Dream
21%
In binah’s core suppression boss fight, she summons different kinds of qliphoth meltdowns such as meltdown of gold, meltdown of dark fog, meltdown of pillars, and meltdown of ___ Waves
21%
No matching quizzes found
Score Distribution
Percent of People with Each Score
Percentile by Number Answered
Your Score History
You have not taken this quiz